Singular optimal control problems /

Guardado en:
Autor Principal: Bell, D. J. 1913-
Otros Autores: Jacobson, David H.
Formato: Libro
Idioma:English
Publicado: London ; New York [etc.] : Academic Press, 1975.
Series:Mathematics in science and engineering ; v. 117
Materias:
Etiquetas: Agregar Etiqueta
Sin Etiquetas, Sea el primero en etiquetar este registro!
LEADER 00840cam a2200241 a 4500
001 MAT.inmabb005780
008 760402s1975####enka#####b####001#0#eng##
005 20160530170741.0
245 1 0 |a Singular optimal control problems /  |c [by] David J. Bell and David H. Jacobson. 
260 |a London ;  |a New York [etc.] :  |b Academic Press,  |c 1975. 
300 |a xi, 190 p. :  |b 4 il. ;  |c 24 cm. 
440 0 |a Mathematics in science and engineering ;  |v v. 117 
504 |a Incluye referencias bibliográficas e índices. 
510 4 |a MR,  |c 53 #8989 
020 |a 0120850605 
100 1 |a Bell, D. J.  |q (David John),  |d 1913- 
700 1 |a Jacobson, David H. 
650 0 |a Control theory. 
650 0 |a Mathematical optimization. 
084 |a 49-02 (93-02)  |2 msc2000 
010 |a  75021610  
040 |a DLC  |c DLC  |d DLC 
859 |h 49  |i B433  |p A-4821  |b BIB. MATEMATICA